| 000 | 00484nam a2200157Ia 4500 | ||
|---|---|---|---|
| 008 | 100122s9999 xx 000 0 und d | ||
| 082 |
_b27386 _a823 |
||
| 100 | _aखानोलकर चिं त्र्यं | ||
| 245 | _aअजगर (वा.क.क्र.1/4) | ||
| 250 | _a0 | ||
| 260 |
_bमौज प्रकाशन _c1977 |
||
| 300 | _a93 | ||
| 630 | _aअजगर (वा.क.क्र.1/4) | ||
| 730 | _aअजगर (वा.क.क्र.1/4) | ||
| 942 | _cBOOK | ||
| 999 |
_c413444 _d413441 |
||